00410 2200157 4500245005600000020002200056250001000078100002100088700001600109005001900125260005700144041001400201084001000215300001800225336000900243 aTepak Sirih Di Tanah MelayucCitra PandianganhText a978-602-6477-44-6 aCet.1 aCitra Pandiangan aInnerChilld a20240926103121 aJakartabKementerian Pendidikan dan Kebudayaanc2019 aIndonesia a741.5 a49 hlm :cpdf atext